[Event "Mechanics' Litowsky TNM; 30/90, SD/30"]
[Site "San Francisco"]
[Date "2011.09.20"]
[Round "8.15"]
[White "Campers, Willie"]
[Black "Ganem, Paul"]
[Result "0-1"]
[WhiteElo "1748"]
[BlackElo "1845"]
[PlyCount "68"]
[EventDate "2011.??.??"]

1. e4 e6 2. d4 d5 3. Nc3 Bb4 4. e5 c5 5. a3 cxd4 6. Qxd4 Nc6 7. Bb5 Ba5 8. b4
Bc7 9. Nf3 Nge7 10. Bg5 Bd7 11. Qe3 Bb6 12. Qf4 Qc7 13. Na4 Ng6 14. Qg3 Ncxe5
15. Nxb6 Qc3+ 16. Kd1 Qxa1+ 17. Kd2 Nxf3+ 18. gxf3 Qd4+ 19. Kc1 Qxb6 20. Bxd7+
Kxd7 21. Be3 Qd6 22. Qg5 Qe5 23. Qxe5 Nxe5 24. Bd4 f6 25. f4 Ng6 26. Rg1 Rhg8
27. f5 exf5 28. Rg3 b6 29. Rh3 h6 30. Rh5 Nf4 31. Rxf5 Ne2+ 32. Kd2 Nxd4 33.
Rxd5+ Kc6 34. Rxd4 Rad8 0-1

[Event "Mechanics' Litowsky TNM; 30/90, SD/30"]
[Site "San Francisco"]
[Date "2011.08.09"]
[Round "2.18"]
[White "Campers, Willie"]
[Black "Hilliard, Michael"]
[Result "1-0"]
[WhiteElo "1748"]
[BlackElo "1448"]
[PlyCount "76"]
[EventDate "2011.??.??"]

1. e4 c6 2. d4 d5 3. e5 Bf5 4. Nf3 e6 5. c3 Qb6 6. b4 a5 7. Qa4 Be7 8. Be2 f6
9. O-O Nd7 10. b5 c5 11. Be3 fxe5 12. dxe5 Bd8 13. Nbd2 Bc7 14. Qf4 Ne7 15. Qg5
h6 16. Qxg7 Rg8 17. Qxh6 O-O-O 18. Qh4 Ng6 19. Qa4 Ngxe5 20. Nxe5 Bxe5 21. Rfc1
Rh8 22. Bf4 Rdg8 23. Bxe5 Nxe5 24. Qf4 Ng4 25. Nf3 c4 26. Rf1 Rg7 27. h3 Rgh7
28. Ng5 Rh5 29. Bxg4 Rh4 30. Nf3 R4h7 31. Bxf5 exf5 32. Qxf5+ Kb8 33. Qxd5 Qg6
34. Qg5 Qg7 35. Qxg7 Rxg7 36. Kh2 Rhg8 37. g3 Re7 38. Rae1 Rf7 1-0

[Event "Mechanics' Litowsky TNM; 30/90, SD/30"]
[Site "San Francisco"]
[Date "2011.09.13"]
[Round "7.21"]
[White "Campers, Willie"]
[Black "Macintyre, Brendan"]
[Result "1-0"]
[WhiteElo "1748"]
[BlackElo "1657"]
[Annotator "Donaldson"]
[PlyCount "67"]
[EventDate "2011.??.??"]

1. e4 c5 2. Nf3 Nc6 3. d4 cxd4 4. Nxd4 g6 5. Nc3 Bg7 6. Be3 d6 7. Qd2 Nxd4 8.
Bxd4 Nf6 9. f3 Bd7 10. Bc4 Qc8 11. Bb3 O-O 12. O-O-O Be6 13. Nd5 Bxd5 14. Bxd5
e6 15. Bb3 Rd8 16. g4 a5 17. a4 b5 18. Bb6 Rd7 19. Bxa5 Rda7 20. Bc3 Rxa4 $4 (
20... bxa4 21. Ba2 a3 $19) 21. Bxa4 bxa4 22. Bb4 $18 Qc4 23. Kb1 Nxe4 24. fxe4
Bxb2 25. Kxb2 a3+ 26. Ka1 Ra4 27. c3 Qxe4 28. Qxd6 Ra8 29. Qd4 Qg2 30. Qd2 Qxg4
31. h4 h5 32. Be7 Qe4 33. Bf6 Qb7 34. Qd8+ 1-0

[Event "Mechanics' Litowsky TNM; 30/90, SD/30"]
[Site "San Francisco"]
[Date "2011.09.27"]
[Round "9.9"]
[White "Chamberlain, Ethan"]
[Black "Banik, Siddharth"]
[Result "1-0"]
[WhiteElo "1953"]
[BlackElo "1892"]
[PlyCount "63"]
[EventDate "2011.??.??"]

1. e4 c5 2. Nf3 Nc6 3. d4 cxd4 4. Nxd4 g6 5. c4 Bg7 6. Be3 Nf6 7. Nc3 O-O 8.
Be2 d6 9. O-O Bd7 10. Nc2 Rc8 11. f3 a6 12. Rc1 Qa5 13. Na3 Rfd8 14. Na4 Nd4
15. Nb6 Qxb6 16. Bxd4 Qa5 17. Qb3 Qd2 18. Be3 Qxe2 19. Rf2 Ba4 20. Qb6 Nd5 21.
Qxd8+ (21. exd5) 21... Rxd8 22. Rxe2 Nxe3 23. Rxe3 Bxb2 24. Rcc3 (24. Rb1 Bd4
25. Kf2) 24... Bxc3 25. Rxc3 Rc8 26. Nb1 Bd7 27. Rb3 b5 28. cxb5 Rc1+ 29. Kf2
Rc2+ 30. Kg3 Bxb5 31. Na3 Bf1 $4 32. Nxc2 1-0

[Event "Mechanics' Litowsky TNM; 30/90, SD/30"]
[Site "San Francisco"]
[Date "2011.08.30"]
[Round "5.6"]
[White "Chamberlain, Ethan"]
[Black "Byambaa, Uyanga"]
[Result "0-1"]
[WhiteElo "1953"]
[BlackElo "2073"]
[PlyCount "64"]
[EventDate "2011.??.??"]

1. e4 d5 2. exd5 Nf6 3. Nf3 Nxd5 4. d4 Bg4 5. Be2 e6 6. O-O Nc6 7. c4 Nb6 8. b3
Bxf3 9. Bxf3 Nxd4 10. Bxb7 Rb8 11. Be3 c5 12. Ba6 Be7 13. Bxd4 cxd4 14. Bb5+
Nd7 15. Nd2 O-O 16. Bxd7 Qxd7 17. Nf3 Bf6 18. Qd3 Rfe8 19. Rfe1 g6 20. Re4 Rb6
21. Rae1 Bg7 22. a3 a5 23. Ne5 Qc7 24. Qd1 f6 25. Nd3 f5 26. c5 Ra6 27. R4e2 e5
28. b4 axb4 29. Qb3+ Kf8 30. axb4 Rea8 $11 31. Nxe5 $2 Bxe5 32. Rxe5 $4 Qxe5
0-1

[Event "Mechanics' Litowsky TNM; 30/90, SD/30"]
[Site "San Francisco"]
[Date "2011.09.13"]
[Round "7.8"]
[White "Chamberlain, Ethan"]
[Black "Curto, Wayne"]
[Result "1-0"]
[WhiteElo "1953"]
[BlackElo "1905"]
[PlyCount "59"]
[EventDate "2011.??.??"]

1. e4 c6 2. d4 d5 3. Nc3 dxe4 4. Nxe4 Nd7 5. Ng5 Ngf6 6. Bd3 e6 7. N1f3 Bd6 8.
Qe2 Qe7 9. Ne5 O-O 10. f4 c5 11. Be3 cxd4 12. Bxd4 Bc5 13. Nxd7 Bxd7 14. Bxf6
Qxf6 15. Bxh7+ Kh8 16. Bd3 g6 17. Qf3 Kg7 18. O-O-O Bd6 19. g3 Bc6 20. Be4 Be7
21. Bxc6 bxc6 22. Ne4 Qf5 23. g4 Qb5 24. f5 exf5 25. gxf5 Qxf5 26. Qxf5 gxf5
27. Rhg1+ Kh6 28. Rd3 Kh5 29. Rh3+ Bh4 30. Rg5+ 1-0

[Event "Mechanics' Litowsky TNM; 30/90, SD/30"]
[Site "San Francisco"]
[Date "2011.08.23"]
[Round "4.8"]
[White "Chamberlain, Ethan"]
[Black "Miller, David"]
[Result "1/2-1/2"]
[WhiteElo "1953"]
[BlackElo "1788"]
[PlyCount "116"]
[EventDate "2011.??.??"]

1. e4 e5 2. Nf3 Nf6 3. d4 Nxe4 4. Bd3 d5 5. dxe5 Nc5 6. O-O Be7 7. Re1 Bg4 8.
Bb5+ c6 9. Be2 Nbd7 10. Nd4 Bxe2 11. Qxe2 Nf8 12. Nf5 Nfe6 13. Qg4 g6 14. Nxe7
Qxe7 15. Nc3 h5 16. Qf3 g5 17. b4 Nd7 18. b5 Nd4 19. Qd3 Ne6 20. bxc6 bxc6 21.
Qa6 Nb6 22. Ba3 Qd7 23. Rab1 Qc8 24. Qa5 Nc4 25. Qb4 Nxa3 26. Qxa3 Nd4 27. e6
fxe6 28. Qa4 Nf5 29. Nxd5 O-O 30. Nb4 Nd4 31. c3 a5 32. Nd3 Nb5 33. Qe4 Rf6 34.
Qe3 Qf8 35. a4 Nd6 36. Qxg5+ Kh7 37. Qxh5+ Rh6 38. Qg4 Re8 39. Ne5 Re7 40. Qd1
Ra7 41. Re3 Nf5 42. Qd3 Kh8 43. Rh3 Rxh3 44. Qxh3+ Kg8 45. Nxc6 Rc7 46. Rb8 Rc8
47. Rxc8 Qxc8 48. Qxf5 Qxc6 49. Qxa5 Qe4 50. Qd8+ Kf7 51. Qd7+ Kg6 52. h3 Qe1+
53. Kh2 Qxf2 54. Qxe6+ Kh7 55. Qe4+ Kg8 56. Qg4+ Kh7 57. a5 Qc5 58. Qd4 Qc7+ {
At this point White played the illegal move 59.Qb6 (thinking Black played 59...
Qc6) and Miller could have invoked the touch move rule and insisted his
opponent block the check with his Queen. Instead he generously offered a draw.}
1/2-1/2

[Event "Mechanics' LitowskyTNM; 30/90, SD/30"]
[Site "San Francisco"]
[Date "2011.08.02"]
[Round "1"]
[White "Chen, Mingson"]
[Black "Barrow, Lyle"]
[Result "1-0"]
[WhiteElo "1912"]
[BlackElo "1470"]
[PlyCount "86"]
[EventDate "2011.??.??"]

1. d4 e6 2. Nf3 Nf6 3. c4 Bb4+ 4. Nbd2 c5 5. e3 Nc6 6. Bd3 cxd4 7. exd4 O-O 8.
O-O Bd6 9. Qe2 Bc7 10. a3 d5 11. c5 Bd7 12. b4 a6 13. Bb2 Qe8 14. Rad1 Na7 15.
Ne5 Bb5 16. f4 Bxd3 17. Qxd3 Nc6 18. Qh3 Nd7 19. Rde1 f5 20. Ndf3 Nf6 21. Re2
Bxe5 22. Nxe5 Nxe5 23. dxe5 Ne4 24. Bd4 Qg6 25. Qf3 Qg4 26. Qe3 Kh8 27. Rf3 g5
28. Re1 Rg8 29. Re2 Rg6 30. Kf1 gxf4 31. Qxf4 Qxf4 32. Rxf4 Rag8 33. g3 Rg4 34.
Rxg4 Rxg4 35. Be3 h5 36. Bf4 h4 37. Kg2 hxg3 38. hxg3 Rg8 39. Kf3 Rd8 40. Rh2+
Kg7 41. Ke3 Rh8 42. Rh4 Rxh4 43. gxh4 Nc3 {
Both players quit keeping score here. White later won.} 1-0

[Event "Mechanics' Litowsky TNM; 30/90, SD/30"]
[Site "San Francisco"]
[Date "2011.08.16"]
[Round "3.12"]
[White "Chen, Mingson"]
[Black "Poling, Scott"]
[Result "1-0"]
[WhiteElo "1912"]
[BlackElo "1632"]
[PlyCount "27"]
[EventDate "2011.??.??"]

1. d4 e6 2. e4 d5 3. Nd2 dxe4 4. Nxe4 Bd7 5. Nf3 Bc6 6. Bd3 Nd7 7. Qe2 Ngf6 8.
Ng3 Bxf3 9. Qxf3 c6 10. Bd2 Be7 11. O-O-O O-O 12. Rhe1 a5 13. Kb1 Qc7 14. Nf5 {
Black hallucinated that his Bishop was trapped but after 14...Bb4 15.c3 exf5
is of course possible.} 1-0

[Event "Mechanics' Litowsky TNM; 30/90, SD/30"]
[Site "San Francisco"]
[Date "2011.09.27"]
[Round "9.24"]
[White "Clark, Thomas"]
[Black "Bayaraa, Chinguun"]
[Result "1/2-1/2"]
[WhiteElo "1305"]
[BlackElo "1172"]
[Annotator "Clark"]
[PlyCount "108"]
[EventDate "2011.??.??"]

1. d4 d5 2. e4 dxe4 3. Nc3 Nf6 4. f3 exf3 5. Qxf3 e6 6. Be3 Be7 7. Bd3 Nc6 8.
Nge2 Bd7 9. O-O-O a6 10. Rhf1 b5 11. d5 (11. Be4) 11... Ne5 12. Qg3 Nxd3+ 13.
Rxd3 O-O 14. dxe6 fxe6 15. Nd4 Qc8 16. Bf4 (16. Bh6 Nh5 17. Rxf8+ Qxf8 18. Qxc7
Nf6) 16... c5 17. Nf3 b4 18. Ne2 c4 19. Rd4 b3 20. Nc3 bxa2 21. Nxa2 Nh5 22.
Qg4 Nxf4 23. Rxf4 Rxf4 24. Qxf4 Bf6 25. Ne5 Bb5 26. Nc3 Qc5 27. Re1 Qe7 28. Kb1
Rf8 29. Qe3 g6 30. g3 Bg7 31. h4 Rf5 32. Nf3 Rf6 33. Nd5 Qf8 34. Nxf6+ Bxf6 35.
Qxe6+ Kg7 36. Rf1 c3 37. Rf2 Qb4 38. Qb3 Qxb3 39. cxb3 Bd3+ 40. Kc1 cxb2+ 41.
Rxb2 Bxb2+ 42. Kxb2 Kf6 43. Kc3 Bb5 44. Kd4 Kf5 45. Ke3 Kg4 46. Kf2 h5 47. Nd4
g5 48. hxg5 Kxg5 49. Kf3 Bf1 50. Ne6+ Kf5 51. Nf4 Kg5 52. Ne6+ Kf5 53. Nf4 Kg5
54. Ne6+ Kf5 1/2-1/2

[Event "Mechanics' Litowsky TNM; 30/90, SD/30"]
[Site "San Francisco"]
[Date "2011.08.30"]
[Round "5.21"]
[White "Clark, Thomas"]
[Black "Mar, Henry"]
[Result "0-1"]
[WhiteElo "1305"]
[BlackElo "1537"]
[PlyCount "72"]
[EventDate "2011.??.??"]

1. e4 c6 2. d4 d5 3. Nc3 dxe4 4. Nxe4 Bf5 5. Ng3 Bg6 6. Nf3 e6 7. Bd3 Bxd3 8.
Qxd3 Nd7 9. O-O Ngf6 10. Bf4 Nd5 11. Bg5 Be7 12. Bd2 O-O 13. Rfe1 c5 14. c3
cxd4 15. cxd4 Bf6 16. Re4 g6 17. Ne2 Ne7 18. Rc1 Rc8 19. Rxc8 Qxc8 20. Nc3 a6
21. a3 Qd8 22. b4 a5 23. Bh6 Bg7 24. Bg5 axb4 25. axb4 Nf6 26. Rf4 Nf5 27. Ne4
Qc7 28. Nxf6+ Bxf6 29. Rg4 Qc1+ 30. Qf1 Bxg5 31. Rxg5 Nxd4 32. Qxc1 Ne2+ 33.
Kf1 Nxc1 34. b5 Rd8 35. Rc5 Rd1+ 36. Ne1 Rxe1+ 0-1

[Event "Mechanics' Litowsky TNM; 30/90, SD/30"]
[Site "San Francisco"]
[Date "2011.08.23"]
[Round "4.20"]
[White "Clark, Thomas"]
[Black "Salvo, Tab"]
[Result "0-1"]
[WhiteElo "1305"]
[BlackElo "1661"]
[PlyCount "81"]
[EventDate "2011.??.??"]

1. d4 d6 2. c4 e5 3. dxe5 dxe5 4. Qxd8+ Kxd8 5. Nf3 f6 6. Nc3 c6 7. a3 Be6 8.
e3 g5 9. h3 h5 10. b4 Nd7 11. Bb2 Kc7 12. Ne4 Be7 13. Be2 Nh6 14. b5 g4 15.
Nfd2 gxh3 16. gxh3 Nf5 17. Rg1 Rh7 18. Nf3 Nd6 19. Nfd2 Nxe4 20. Nxe4 Bxh3 21.
bxc6 bxc6 22. Bd3 Rhh8 23. Rg7 Rae8 24. c5 Rhg8 25. Rxg8 Rxg8 26. Kd2 Nxc5 27.
Nxc5 Bxc5 28. Rh1 Bg4 29. Rc1 Kd6 30. a4 Rb8 31. Bc3 f5 32. Bxe5+ Kxe5 33.
Rxc5+ Kd6 34. Ra5 Rb7 35. Bxf5 Bxf5 36. Rxf5 Rh7 37. Rg5 h4 38. f3 h3 39. Rg1
h2 40. Rh1 Rh4 41. a5 0-1

[Event "Mechanics' Litowsky TNM; 30/90, SD/30"]
[Site "San Francisco"]
[Date "2011.08.23"]
[Round "4.10"]
[White "Cortese, Chris"]
[Black "Todortsev, Victor"]
[Result "0-1"]
[WhiteElo "1530"]
[BlackElo "1920"]
[PlyCount "86"]
[EventDate "2011.??.??"]

1. d4 d5 2. c4 e6 3. Nf3 Nf6 4. Nc3 c5 5. cxd5 exd5 6. e3 Nc6 7. Be2 Bd6 8. O-O
O-O 9. Bd2 a6 10. Rc1 c4 11. Qc2 Bg4 12. h3 Bh5 13. Nh4 Bxe2 14. Nxe2 Ne4 15.
Nf5 Nxd2 16. Qxd2 Nb4 17. Nxd6 Qxd6 18. a3 Nd3 19. Rc2 b5 20. Nc1 Nxc1 21.
Rfxc1 f5 22. f3 a5 23. Re1 Rfe8 24. Qf2 Rad8 25. Qd2 b4 26. axb4 axb4 27. Ra1
Ra8 28. Rcc1 Qc6 29. Qxb4 Rxe3 30. Rxa8+ Qxa8 31. Kf2 Rb3 32. Qd2 Rd3 33. Qf4
Qa7 34. Qxf5 Qxd4+ 35. Kg3 g6 36. Qe6+ Kg7 37. Qe7+ Kh6 38. Re1 Rd2 39. Re5
Qf2+ 40. Kg4 Rd4+ 41. Re4 Qxg2+ 42. Kf4 g5+ 43. Ke5 Rxe4+ 0-1

[Event "Mechanics' Litowsky TNM; 30/90, SD/30"]
[Site "San Francisco"]
[Date "2011.08.23"]
[Round "4.5"]
[White "Curto, Wayne"]
[Black "Goins, Demtrius"]
[Result "0-1"]
[WhiteElo "1905"]
[BlackElo "2084"]
[PlyCount "92"]
[EventDate "2011.??.??"]

1. d4 d5 2. Nf3 Nf6 3. Bf4 Bf5 4. e3 e6 5. Bd3 Bg6 6. O-O Bd6 7. Ne5 Nbd7 8.
Nxg6 hxg6 9. Bxd6 cxd6 10. f3 Qb6 11. Nd2 Rc8 12. Rb1 Nb8 13. c3 Nc6 14. Qb3
Qc7 15. c4 O-O 16. Rfc1 Qe7 17. c5 e5 18. cxd6 Qxd6 19. Qxb7 exd4 20. exd4 Rc7
21. Qa6 Qf4 22. Rxc6 Qxd4+ 23. Kh1 Rxc6 24. Qxc6 Qxd3 25. Qc3 Qe2 26. Nf1 Re8
27. Ng3 Qf2 28. Rf1 Qb6 29. Qb3 Qxb3 30. axb3 Rb8 31. Rf2 Rxb3 32. Kg1 Kf8 33.
Re2 Nd7 34. Rd2 Nb6 35. Ne2 Nc4 36. Rxd5 Rxb2 37. Kf2 a5 38. Rd4 Rc2 39. Rd7 a4
40. Ra7 a3 41. Ke1 a2 42. h4 Nb2 43. Kf2 Nd1+ 44. Ke1 Ne3 45. g3 Rb2 46. Kf2
Nc2 0-1

[Event "Mechanics' Litowsky TNM; 30/90, SD/30"]
[Site "San Francisco"]
[Date "2011.08.09"]
[Round "2.3"]
[White "Curto, Wayne"]
[Black "Manvelyan, Hayk"]
[Result "0-1"]
[WhiteElo "1905"]
[BlackElo "2193"]
[PlyCount "96"]
[EventDate "2011.??.??"]

1. d4 Nf6 2. Nf3 g6 3. Bf4 Bg7 4. e3 O-O 5. Be2 d6 6. O-O Nbd7 7. Nbd2 c5 8. c3
b6 9. h3 Bb7 10. Qc2 Re8 11. Rad1 a6 12. Bh2 b5 13. Rfe1 Qb6 14. Qb1 Rad8 15.
b4 c4 16. a4 e5 17. axb5 axb5 18. Ng5 e4 19. h4 d5 20. Qc2 Qc6 21. Ra1 Nb6 22.
Bd1 Ra8 23. Be2 Na4 24. Reb1 Bc8 25. Be5 h6 26. Nh3 Bxh3 27. gxh3 Nd7 28. Bxg7
Kxg7 29. h5 g5 30. Nf1 f5 31. Ng3 Rf8 32. Bd1 f4 33. Nh1 Ra6 34. Qd2 Qa8 35.
Bg4 Nf6 36. Bd1 Ng8 37. Bg4 Ne7 38. Rf1 f3 39. Ng3 Qa7 40. Ra3 Nb6 41. Rxa6
Qxa6 42. Qb2 Ra8 43. Rb1 Qa2 44. Nf5+ Nxf5 45. Bxf5 Qxb2 46. Rxb2 Ra3 47. Kh2
Na4 48. Kg3 Nxb2 0-1

[Event "Mechanics' Litowsky TNM; 30/90, SD/30"]
[Site "San Francisco"]
[Date "2011.09.06"]
[Round "6.12"]
[White "Curto, Wayne"]
[Black "Yamamoto, Craig"]
[Result "1-0"]
[WhiteElo "1905"]
[BlackElo "1608"]
[PlyCount "67"]
[EventDate "2011.??.??"]

1. d4 Nf6 2. Nf3 d5 3. Bf4 Bf5 4. e3 e6 5. Bd3 Bxd3 6. Qxd3 Nbd7 7. O-O Be7 8.
Nbd2 Nh5 9. Bg3 O-O 10. c4 dxc4 11. Nxc4 Nxg3 12. hxg3 c5 13. d5 exd5 14. Qxd5
Qc7 15. a4 b6 16. b3 Bf6 17. Rad1 Rad8 18. Qd6 Qxd6 19. Rxd6 Nb8 20. Rfd1 Rxd6
21. Rxd6 Rd8 22. Rxd8+ Bxd8 23. Kf1 Bc7 24. Ke2 Nc6 25. Kd3 f6 26. Ke4 Kf7 27.
Ne1 Ke6 28. g4 Ne5 29. Nxe5 Bxe5 30. f4 Bc3 31. f5+ Kd6 32. Nd3 a6 33. Nf4 Ke7
34. Nd5+ 1-0

[Event "Mechanics' Litowsky TNM; 30/90, SD/30"]
[Site "San Francisco"]
[Date "2011.09.20"]
[Round "8.11"]
[White "Curto, Wayne"]
[Black "de Lenea, Digne"]
[Result "1-0"]
[WhiteElo "1905"]
[BlackElo "1886"]
[PlyCount "111"]
[EventDate "2011.??.??"]

1. d4 Nf6 2. Nf3 c5 3. c3 b6 4. Bf4 Bb7 5. e3 e6 6. Bd3 Be7 7. h3 d5 8. Bxb8
Rxb8 9. Bb5+ Kf8 10. O-O g6 11. Nbd2 Kg7 12. Qe2 Ne4 13. dxc5 Nxd2 14. Qxd2 a6
15. c6 Bc8 16. Ba4 b5 17. Bb3 Qc7 18. Nd4 Rd8 19. f4 Bf6 20. Rac1 Kg8 21. Qf2
Rb6 22. Rc2 Rd6 23. Rfc1 Bxd4 24. cxd4 Rdxc6 25. Qd2 Bb7 26. Qa5 Qd7 27. a4
Rxc2 28. Rxc2 Rc6 29. axb5 Rxc2 30. Bxc2 axb5 31. Bd3 Bc6 32. b4 f6 33. Qb6 Kg7
34. Qb8 Bb7 35. Qa7 Qc6 36. Qc5 Qxc5 37. dxc5 Bc6 38. Kf2 e5 39. g3 Kf7 40. h4
Ke6 41. h5 f5 42. hxg6 hxg6 43. Ke2 d4 44. fxe5 Kxe5 45. Kf2 dxe3+ 46. Kxe3 g5
47. Bf1 f4+ 48. gxf4+ gxf4+ 49. Kd3 f3 50. Ke3 Kf5 51. Bh3+ Kg5 52. Be6 Kf6 53.
Bg4 f2 54. Kxf2 Ke5 55. Ke3 Be8 56. Bf3 1-0

[Event "Mechanics' Litowsky TNM; 30/90, SD/30"]
[Site "San Francisco"]
[Date "2011.09.06"]
[Round "6.11"]
[White "Delmonico, Nils"]
[Black "Eytan, David"]
[Result "1-0"]
[WhiteElo "1934"]
[BlackElo "1608"]
[PlyCount "117"]
[EventDate "2011.??.??"]

1. Nf3 f5 2. g3 Nf6 3. c4 e6 4. Bg2 Nc6 5. O-O Ne7 6. b3 c6 7. Bb2 Ng6 8. d3 f4
9. Nbd2 fxg3 10. hxg3 h5 11. Nh2 h4 12. g4 h3 13. Bf3 Bd6 14. e3 Qc7 15. g5
Bxh2+ 16. Kh1 Nh7 17. Bh5 Nxg5 18. Bxg6+ Ke7 19. Qg4 Be5 20. Qxg5+ Bf6 21.
Bxf6+ gxf6 22. Qf4 e5 23. Qf3 d5 24. cxd5 cxd5 25. Rac1 Qd6 26. Bf5 Bxf5 27.
Qxf5 Rag8 28. Rg1 Rf8 29. Rg7+ Rf7 30. Qg6 Rhf8 31. Nf3 Rxg7 32. Qxg7+ Rf7 33.
Qg6 Qd7 34. Nh4 f5 35. Qg5+ Kd6 36. e4 fxe4 37. dxe4 Rxf2 38. Nf5+ Rxf5 39.
exf5 d4 40. Qg6+ Kd5 41. f6 Qe6 42. Qg5 d3 43. Qe3 Qxf6 44. Qxd3+ Ke6 45. Qxh3+
Kd6 46. Qd3+ Ke6 47. Qc4+ Ke7 48. Qc7+ Kf8 49. Qc8+ Kf7 50. Qxb7+ Kg6 51. Rc6
Kf5 52. Rxf6+ Kxf6 53. Kg2 a5 54. Kf3 Kf5 55. Qf7+ Kg5 56. Ke4 Kg4 57. Qg6+ Kh4
58. Kf3 e4+ 59. Kf4 1-0

[Event "Mechanics' Litowsky TNM; 30/90, SD/30"]
[Site "San Francisco"]
[Date "2011.09.27"]
[Round "9.5"]
[White "Delmonico, Nils"]
[Black "Manvelyan, Hovik"]
[Result "1-0"]
[WhiteElo "1934"]
[BlackElo "2045"]
[PlyCount "101"]
[EventDate "2011.??.??"]

1. Nf3 d5 2. c4 Bg4 3. cxd5 Bxf3 4. Qa4+ Qd7 5. Qxd7+ Nxd7 6. gxf3 O-O-O 7. Bh3
Ngf6 8. Nc3 Kb8 9. e4 Ne5 10. Ke2 Ng6 11. d3 Nh5 12. Bg4 Nhf4+ 13. Bxf4 Nxf4+
14. Ke3 Ng2+ 15. Kd2 h5 16. Bh3 Nf4 17. Bf1 e6 18. Ke3 g5 19. Ne2 Nxe2 20. Kxe2
exd5 21. Bh3 Bg7 22. Rab1 Be5 23. Bf5 h4 24. h3 Bf4 25. Rhd1 d4 26. b4 Rh6 27.
b5 b6 28. a4 c5 29. Rb2 Kc7 30. Rc2 Kd6 31. Rb1 Rhh8 32. Rcb2 Rb8 33. Kd1 Rb7
34. Kc2 Ra8 35. e5+ Bxe5 36. Be4 Rab8 37. Bxb7 Rxb7 38. Re1 Ke6 39. Kb3 Kf5 40.
Re4 f6 41. Kc4 Ke6 42. a5 bxa5 43. Ra2 Kd6 44. Rxa5 f5 45. Re2 g4 46. fxg4 fxg4
47. hxg4 h3 48. Ra6+ Rb6 49. Rxa7 h2 50. Rh7 Ke6 51. f4 1-0

[Event "Mechanics' Litowsky TNM; 30/90, SD/30"]
[Site "San Francisco"]
[Date "2011.08.09"]
[Round "2.13"]
[White "Delmonico, Nils"]
[Black "Oca, Homer"]
[Result "1-0"]
[WhiteElo "1934"]
[BlackElo "1669"]
[PlyCount "99"]
[EventDate "2011.??.??"]

1. Nf3 h6 2. g3 Nc6 3. Bg2 d5 4. O-O Nf6 5. d3 e5 6. c4 d4 7. b4 Bxb4 8. Nxe5
O-O 9. Nxc6 bxc6 10. Bxc6 Rb8 11. Nd2 Bh3 12. Bg2 Qd7 13. Rb1 Bxg2 14. Kxg2 Bc3
15. Rxb8 Rxb8 16. Nb3 a5 17. f3 Qa4 18. Qc2 Nd7 19. Nxd4 Qxc2 20. Nxc2 c5 21.
Na3 Rb4 22. e3 Bb2 23. Bxb2 Rxb2+ 24. Rf2 Rb4 25. f4 Nb8 26. Kf3 Nc6 27. Rd2
Ra4 28. Nb5 Rb4 29. Nc3 f5 30. g4 g6 31. gxf5 gxf5 32. h4 Kf7 33. h5 Ne7 34.
Rc2 Ke6 35. Rg2 a4 36. Ke2 a3 37. Nb5 Ra4 38. Kd2 Kf7 39. Kc3 Nc6 40. d4 cxd4+
41. exd4 Nd8 42. d5 Nb7 43. Kd4 Na5 44. Nd6+ Ke7 45. Nxf5+ Kf6 46. Ne3 Rb4 47.
Rg6+ Kf7 48. Ra6 Ra4 49. Kc3 Ke7 50. Rxh6 1-0

[Event "Mechanics' Litowsky TNM; 30/90, SD/30"]
[Site "San Francisco"]
[Date "2011.08.23"]
[Round "4.13"]
[White "Delmonico, Nils"]
[Black "Standen, Julian"]
[Result "1-0"]
[WhiteElo "1934"]
[BlackElo "1668"]
[Annotator "Donaldson"]
[PlyCount "59"]
[EventDate "2011.??.??"]

1. Nf3 d5 2. g3 Nf6 3. d3 Nbd7 4. Bg2 e5 5. O-O Bd6 6. Nbd2 O-O 7. e4 dxe4 8.
dxe4 c6 9. Qe2 Qc7 10. b3 a5 11. a4 b6 12. Nc4 Ba6 13. Bd2 Rfe8 14. Nh4 g6 15.
Kh1 Rad8 16. Bf3 Bf8 17. Rad1 Bg7 18. Ng2 Nf8 19. Bc3 N6d7 20. Nge3 Ne6 21. Rd2
Ndf8 22. Rfd1 Bh6 $4 (22... Nd4 $1 $17) 23. Bxe5 Bxc4 $4 (23... Qxe5 24. Nxe5
Bxe2 25. Bxe2 Rxd2 26. Rxd2 Nc5 $11) 24. Nxc4 Rxd2 25. Rxd2 Qe7 26. Rd1 Nd7 27.
Bd6 Qf6 28. e5 Qg5 29. h4 Qf5 30. Bg4 1-0

[Event "Mechanics' Litowsky TNM; 30/90, SD/30"]
[Site "San Francisco"]
[Date "2011.09.13"]
[Round "7.9"]
[White "Delmonico, Nils"]
[Black "Woebcke, Carl"]
[Result "1-0"]
[WhiteElo "1934"]
[BlackElo "1847"]
[PlyCount "77"]
[EventDate "2011.??.??"]

1. Nf3 Nf6 2. g3 d5 3. c4 dxc4 4. Bg2 Nc6 5. Qa4 Bd7 6. Qxc4 e5 7. Nc3 Bd6 8.
d3 O-O 9. O-O a6 10. Qh4 Rb8 11. Bg5 Be7 12. Rac1 h6 13. Bxf6 Bxf6 14. Qe4 Be6
15. Rfd1 Re8 16. e3 Re7 17. Nd2 Rd7 18. Nb3 Qe7 19. Rd2 Nb4 20. Na1 c6 21. a3
Nd5 22. Nxd5 Bxd5 23. Qa4 Rbd8 24. Rc3 c5 25. Nc2 Bxg2 26. Kxg2 e4 27. d4 cxd4
28. Nxd4 Bxd4 29. Rxd4 Rxd4 30. exd4 Qf6 31. d5 b5 $2 32. Qxe4 Qd6 33. Rd3 a5
34. Qf4 Kf8 35. Qxd6+ Rxd6 36. Kf3 Ke7 37. Ke4 Rd7 38. Kd4 Kd6 39. Rc3 1-0

[Event "Mechanics' Litowsky TNM; 30/90, SD/30"]
[Site "San Francisco"]
[Date "2011.08.23"]
[Round "4.23"]
[White "Dembling, Arthur"]
[Black "Barrow, Lyle"]
[Result "1-0"]
[WhiteElo "1796"]
[BlackElo "1470"]
[PlyCount "85"]
[EventDate "2011.??.??"]

1. e4 e6 2. d4 d5 3. e5 c5 4. c3 Nc6 5. Be3 Qb6 6. Qd2 Bd7 7. Nf3 cxd4 8. cxd4
Nge7 9. Nc3 Nf5 10. Rd1 Nxe3 11. fxe3 Be7 12. Bd3 Nb4 13. Bb1 f6 14. a3 Nc6 15.
exf6 Bxf6 16. O-O O-O-O 17. Na4 Qa5 18. Qc2 Kb8 19. b4 Nxb4 20. Qc5 Qxc5 21.
Nxc5 Nc6 22. Rc1 Be7 23. Bd3 Bxc5 24. Rxc5 g6 25. Ng5 Rc8 26. Rf7 Be8 27. Rxh7
Rxh7 28. Nxh7 Nd8 29. Rxc8+ Kxc8 30. Kf2 Kd7 31. Nf8+ Ke7 32. Nxg6+ Kf6 33. Ne5
b5 34. Bc2 Nf7 35. Ng4+ Ke7 36. h4 Nd6 37. Ne5 Nc4 38. Nxc4 dxc4 39. Ke2 a5 40.
Kd2 Kf6 41. Kc3 e5 42. g4 Bg6 43. dxe5+ 1-0

[Event "Mechanics' Litowsky TNM; 30/90, SD/30"]
[Site "San Francisco"]
[Date "2011.09.06"]
[Round "6.19"]
[White "Dembling, Arthur"]
[Black "Hilliard, Michael"]
[Result "1-0"]
[WhiteElo "1796"]
[BlackElo "1448"]
[PlyCount "119"]
[EventDate "2011.??.??"]

1. e4 c6 2. d4 d5 3. exd5 cxd5 4. c4 e6 5. Nc3 Nf6 6. Nf3 Be7 7. cxd5 Nxd5 8.
Bd3 O-O 9. O-O Nc6 10. Re1 a6 11. a3 b5 12. Qe2 Bb7 13. Ne4 Nf6 14. Be3 Rc8 15.
Rad1 Rc7 16. Nc5 Nd7 17. Bf4 Nxc5 18. dxc5 (18. Bxc7 Nxd4 19. Nxd4 Qxc7 $16)
18... Rd7 19. Qc2 Nd4 20. Nxd4 Rxd4 21. Bd6 g6 22. Bxe7 Qxe7 23. b4 Qg5 24. Be4
Bxe4 25. Rxe4 Rxd1+ 26. Qxd1 Rd8 27. Qe1 Rd2 28. h4 Qd8 29. Kh2 Rd1 30. Qe3 Rd3
31. Qc1 Rd4 32. Qf4 Rd5 33. g3 Rd3 34. Re3 Qd4 35. Qf3 Rxe3 36. Qxe3 Qd7 37.
Qe4 Qc8 38. Qd4 Qc7 39. Kg2 h5 40. f3 Kf8 41. Qh8+ Ke7 42. Qa8 Kd7 43. Qxa6 Qc6
44. Qxc6+ Kxc6 45. Kf2 e5 46. Ke3 f5 47. g4 Kd5 48. gxf5 gxf5 49. Kd3 Kc6 50.
Kc3 Kd5 51. Kb3 e4 52. fxe4+ fxe4 53. Kc3 Ke5 54. Kd2 Ke6 55. Ke3 Ke5 56. c6
Kd6 57. Kxe4 Kxc6 58. Ke5 Kc7 59. Kd5 Kb6 60. Kd6 1-0

[Event "Mechanics' Litowsky TNM; 30/90, SD/30"]
[Site "San Francisco"]
[Date "2011.09.27"]
[Round "9.15"]
[White "Dembling, Arthur"]
[Black "Marshall, Johnathan"]
[Result "0-1"]
[WhiteElo "1796"]
[BlackElo "1589"]
[PlyCount "70"]
[EventDate "2011.??.??"]

1. e4 c5 2. Nf3 d6 3. Bb5+ Nc6 4. O-O Bd7 5. Re1 Nf6 6. h3 e6 7. c3 Ne5 8.
Bxd7+ Nfxd7 9. d4 cxd4 10. cxd4 Ng6 11. Nc3 Be7 12. d5 e5 13. Be3 O-O 14. Rc1
a6 15. Qd2 f5 16. exf5 Rxf5 17. Ne4 Rxf3 18. gxf3 Nh4 19. Qe2 Qf8 20. Nd2 Qf7
21. Kh1 Rf8 22. Rg1 Qf5 23. Rg3 Ng6 24. Kh2 Bh4 25. Rg4 Nf6 26. Rgg1 Nh5 27.
Rg4 Nf6 28. Rgg1 Kh8 29. Qc4 b5 30. Qc2 Qh5 31. Qc7 Nxd5 32. Qxd6 Ndf4 33. Rg4
Be7 34. Qe6 Qxh3+ 35. Kg1 Ne2# 0-1